00477nam a22001337a 4500008004100000020001800041050001700059100002300076245014800099260005400247300001300301942001200314999001700326241112b |||||||| |||| 00| 0 eng d a9789914999396 aHF5381b.G33 aGacohi, Jane Njeri aCareer planning and decision-making :bA step- by - step guide for students and parents/ by cJane Njeri Gacohi and foreword by Nancy W. Mungai aNakuru, KenyabOracle House plublishers Ltdc2022 ax, 113p. 2lcccBK c20542d20541